000 00833nam a2200253Ia 4500
003 OSt
005 20220923225021.0
006 a|||||r|||| 00| 0
007 ta
008 220922b |||||||| |||| 00| 0 hin d
024 _a255,272
037 _cTextual
040 _aARTS
_cARTS
_bhin
041 _2hin
_ahin
082 _aO152,3N295,GA, M7
100 _aशिवप्रसाद सिंह
_9156263
245 0 _aगली आगे मुड़ती है
246 _aGalī āge muड़tī hai
260 _aनयी दिल्ली
_b वाणी प्रकाशन
_c1987
300 _a273पृ.
_ccm.
650 _aहिन्दी साहित्य
_9156264
942 _hO152,3N295,GA, M7
_cTEXL
_2CC
999 _c375434
_d375434